[Event "TUR-chT 1st League"]
[Site "Ankara"]
[Date "2025.07.16"]
[Round "3.8"]
[White "Babazada, Khazar Araz"]
[Black "Atakisi, Umut"]
[Result "1/2-1/2"]
[WhiteElo "2487"]
[BlackElo "2308"]
[PlyCount "67"]
[EventDate "2025.07.14"]
[EventType "team-swiss"]
[EventRounds "9"]
[EventCountry "TUR"]
[SourceTitle "CB30_2025"]
[SourceDate "2025.07.23"]
[SourceVersion "1"]
[SourceVersionDate "2025.07.23"]
[SourceQuality "1"]
[WhiteTeam "Yildiz Satranc"]
[BlackTeam "Besiktas Jimnastik"]
[WhiteTeamCountry "TUR"]
[BlackTeamCountry "TUR"]

1. e4 c5 2. Nf3 g6 3. h4 h5 4. g3 Bg7 5. Bg2 Nc6 6. 0-0 Nf6 7. d3 0-0 8. Nbd2 d6 9. c3 Rb8 10. a4 a6 11. Nb3 b5 12. axb5 axb5 13. e5 Ng4 14. exd6 exd6 15. Ng5 Bb7 16. Ne4 b4 17. Bf4 Nce5 18. Na5 Bxe4 19. Bxe4 bxc3 20. bxc3 Rb5 21. Qa4 Qb6 22. Bd5 Kh7 23. Nc4 Nxc4 24. Bxc4 Rb2 25. Bc1 Re2 26. d4 Re7 27. Bg5 Bf6 28. Rab1 Qa7 29. Qxa7 Rxa7 30. Bxf6 Nxf6 31. Rb6 Ne4 32. Re1 d5 33. Bd3 Nxc3 34. dxc5 1/2-1/2

[Event "SRB-chT Central"]
[Site "Novi Pazar"]
[Date "2024.10.17"]
[Round "10.2"]
[White "Atakisi, Umut"]
[Black "Kanov, Nikola"]
[Result "1/2-1/2"]
[WhiteElo "2302"]
[BlackElo "2424"]
[PlyCount "89"]
[EventDate "2024.10.10"]
[EventType "team-tourn"]
[EventRounds "11"]
[EventCountry "SRB"]
[SourceTitle "CB43_2024"]
[Source "Chessbase"]
[SourceDate "2024.10.23"]
[SourceVersion "1"]
[SourceVersionDate "2024.10.23"]
[SourceQuality "1"]
[WhiteTeam "Paracin"]
[BlackTeam "Pirot Progres"]
[WhiteTeamCountry "SRB"]
[BlackTeamCountry "SRB"]

1. e4 c5 2. Nf3 e6 3. d4 cxd4 4. Nxd4 Nc6 5. Nc3 Qc7 6. Be3 a6 7. Qf3 Bd6 8. 0-0-0 Be5 9. Nxc6 bxc6 10. Bd4 Bxd4 11. Rxd4 d5 12. exd5 cxd5 13. Bd3 Nf6 14. Qg3 Qxg3 15. hxg3 Bb7 16. g4 g5 17. f3 h6 18. Rb4 Bc8 19. Na4 Nd7 20. a3 a5 21. Rb5 Kd8 22. Nc5 Kc7 23. Nxd7 Bxd7 24. Rb3 e5 25. Bb5 Be6 26. Rc3+ Kd6 27. Rc6+ Ke7 28. a4 Ra7 29. Kd2 f6 30. c3 Bf7 31. Rc5 Kd6 32. Rc6+ Ke7 33. Rb6 h5 34. gxh5 Rxh5 35. Rxh5 Bxh5 36. g4 Bf7 37. Bd3 Be8 38. b3 Bf7 39. Bf5 Bg8 40. Rb8 Bf7 41. Rb6 Bg8 42. Kc2 Bf7 43. Kb2 Bg8 44. Kc1 Rc7 45. Kd2 1/2-1/2

[Event "SRB-chT Central"]
[Site "Novi Pazar"]
[Date "2024.10.16"]
[Round "9.2"]
[White "Dizdarevic, Emir"]
[Black "Atakisi, Umut"]
[Result "0-1"]
[WhiteElo "2345"]
[BlackElo "2302"]
[PlyCount "154"]
[EventDate "2024.10.10"]
[EventType "team-tourn"]
[EventRounds "11"]
[EventCountry "SRB"]
[SourceTitle "CB43_2024"]
[Source "Chessbase"]
[SourceDate "2024.10.23"]
[SourceVersion "1"]
[SourceVersionDate "2024.10.23"]
[SourceQuality "1"]
[WhiteTeam "Kraljevo Sloga"]
[BlackTeam "Paracin"]
[WhiteTeamCountry "SRB"]
[BlackTeamCountry "SRB"]

1. Nf3 d5 2. e3 Nf6 3. c4 c6 4. Qc2 g6 5. b3 Bg7 6. Bb2 0-0 7. Be2 Bg4 8. 0-0 Nbd7 9. d3 Bxf3 10. Bxf3 Re8 11. Nc3 e6 12. d4 Rc8 13. Rfd1 a6 14. Rac1 Qc7 15. Ne2 Qb8 16. g3 h5 17. Bg2 Bh6 18. Nf4 h4 19. Nd3 Kh7 20. Qe2 hxg3 21. hxg3 Kg8 22. Rc2 Bg7 23. g4 Rcd8 24. g5 Ne4 25. Qg4 Nd6 26. Qg3 Nf5 27. Qxb8 Rxb8 28. Kf1 Bf8 29. Ke2 Rbc8 30. Rdc1 Rcd8 31. Bh3 Be7 32. Rg1 Nf8 33. Ne5 Nd7 34. Nf3 Nf8 35. a4 Nh7 36. Rcc1 Nd6 37. Rg4 Ne4 38. Rcg1 b5 39. axb5 axb5 40. c5 Ra8 41. Ne5 Ra2 42. Nd3 Rea8 43. Rc1 R8a3 44. Rc2 Rxb3 45. f4 Nc3+ 46. Rxc3 Rxc3 47. Rg1 Rc2+ 48. Kf3 Rcxb2 49. Nxb2 Rxb2 50. Ra1 Bxc5 51. dxc5 Rc2 52. Ra7 Rxc5 53. Bf1 Rc3 54. Ke2 b4 55. Kd2 e5 56. Bd3 exf4 57. exf4 Nf8 58. f5 gxf5 59. Bxf5 d4 60. Be4 Ne6 61. g6 fxg6 62. Bxg6 Nc5 63. Rc7 Nb3+ 64. Kd1 Na5 65. Be4 c5 66. Ra7 Nc4 67. Rc7 Ne3+ 68. Kd2 Kf8 69. Bg6 Nc4+ 70. Kd1 Ne5 71. Be4 b3 72. Rb7 c4 73. Rb5 Nd3 74. Bf5 Rc1+ 75. Kd2 Rc2+ 76. Kd1 Nb2+ 77. Ke1 d3 0-1

[Event "SRB-chT Central"]
[Site "Novi Pazar"]
[Date "2024.10.13"]
[Round "5.2"]
[White "Danilovic, Aleksandar"]
[Black "Atakisi, Umut"]
[Result "1-0"]
[WhiteElo "2411"]
[BlackElo "2302"]
[PlyCount "129"]
[EventDate "2024.10.10"]
[EventType "team-tourn"]
[EventRounds "11"]
[EventCountry "SRB"]
[SourceTitle "CB43_2024"]
[Source "Chessbase"]
[SourceDate "2024.10.23"]
[SourceVersion "1"]
[SourceVersionDate "2024.10.23"]
[SourceQuality "1"]
[WhiteTeam "Ivanjica"]
[BlackTeam "Paracin"]
[WhiteTeamCountry "SRB"]
[BlackTeamCountry "SRB"]

1. Nf3 Nf6 2. g3 g6 3. Bg2 Bg7 4. c4 c6 5. 0-0 0-0 6. Nc3 d5 7. cxd5 cxd5 8. d4 Ne4 9. Ne5 Nxc3 10. bxc3 Nc6 11. Nxc6 bxc6 12. e4 Ba6 13. Re1 e6 14. Bf4 Re8 15. Qd2 Qa5 16. Bd6 Rac8 17. Bb4 Qc7 18. e5 Bf8 19. Bxf8 Rxf8 20. h4 c5 21. h5 Qe7 22. h6 Rb8 23. Rab1 Rfc8 24. Bf1 Bxf1 25. Rxf1 c4 26. Rfe1 Rf8 27. Kg2 Rfc8 28. Qf4 Kf8 29. Qd2 Kg8 30. Rb2 Rxb2 31. Qxb2 Qg5 32. Qb7 Rf8 33. Qxa7 Qxh6 34. Re3 Re8 35. a4 Qf8 36. a5 Ra8 37. Qc7 Rc8 38. Qd7 Ra8 39. Qc7 Rc8 40. Qb7 Rb8 41. Qc6 Ra8 42. a6 Ra7 43. Re1 Qa8 44. Qxa8+ Rxa8 45. Ra1 Kf8 46. g4 h6 47. f4 Ke7 48. f5 Kf8 49. a7 g5 50. Kf3 Kg8 51. Ke3 Kg7 52. Ra6 exf5 53. gxf5 h5 54. Kf3 Kh7 55. Ra5 Kg7 56. Kg3 Kh7 57. Rxd5 Rxa7 58. Rc5 Ra1 59. Rxc4 Rd1 60. Rc7 Rd3+ 61. Kf2 g4 62. Ke2 g3 63. Kxd3 g2 64. Rxf7+ Kg8 65. Rf6 1-0

[Event "Paracin op-A 17th"]
[Site "Paracin"]
[Date "2024.07.06"]
[Round "5"]
[White "Szegedy, Matyas"]
[Black "Atakisi, Umut"]
[Result "1/2-1/2"]
[WhiteElo "2188"]
[BlackElo "2335"]
[PlyCount "139"]
[EventDate "2024.07.03"]
[EventType "swiss"]
[EventRounds "9"]
[EventCountry "SRB"]
[SourceTitle "CBM 221 Extra"]
[Source "ChessBase"]
[SourceDate "2024.09.30"]
[SourceVersion "1"]
[SourceVersionDate "2024.09.30"]
[SourceQuality "1"]

1. e4 c5 2. Nf3 e6 3. d4 cxd4 4. Nxd4 Nf6 5. Nc3 Nc6 6. a3 Be7 7. Nxc6 bxc6 8. e5 Nd5 9. Qg4 g6 10. Ne4 f5 11. exf6 Nxf6 12. Nxf6+ Bxf6 13. Bd3 d5 14. 0-0 e5 15. Qa4 Qd6 16. Bh6 a5 17. Rad1 Kf7 18. c4 Be6 19. Kh1 Rhd8 20. f4 Kg8 21. cxd5 Bxd5 22. f5 g5 23. Qg4 Kh8 24. Be4 Rg8 25. Rd2 Rad8 26. Rfd1 Qc5 27. Rc2 Qb6 28. Bxd5 Rxd5 29. Rdc1 c5 30. Qh5 Qd6 31. Rf1 Qd7 32. h4 gxh4 33. Rc3 Rd4 34. Qe2 Rdg4 35. Rf2 e4 36. Rh3 Qd5 37. Be3 c4 38. Qf1 Qd3 39. Qe1 Qd5 40. Qf1 Rg3 41. Rd2 Qc6 42. Qf4 c3 43. bxc3 Qxc3 44. Rxg3 Qa1+ 45. Bg1 hxg3 46. Qxe4 Qxa3 47. Qe6 Qa1 48. Rd6 Rf8 49. Rd5 Qc1 50. Qe3 Qc4 51. Qh6 Bg7 52. Rd4 Qf7 53. Qh4 Qxf5 54. Qxg3 Be5 55. Qh4 Bxd4 56. Bxd4+ Kg8 57. Qg3+ Kf7 58. Qc7+ Ke8 59. Qb8+ Kd7 60. Qb7+ Kd6 61. Qb6+ Kd5 62. Be3 Kc4 63. Qd4+ Kb5 64. Qb6+ Ka4 65. Qd4+ Kb3 66. Qd1+ Qc2 67. Qd5+ Qc4 68. Qd1+ Qc2 69. Qd5+ Qc4 70. Qd1+ 1/2-1/2

[Event "Cetinje Dragasevic Memorial"]
[Site "Cetinje"]
[Date "2024.06.24"]
[Round "4"]
[White "Atakisi, Umut"]
[Black "Kolmakov, Ivan"]
[Result "0-1"]
[WhiteElo "2335"]
[BlackElo "1902"]
[PlyCount "56"]
[EventDate "2024.06.22"]
[EventType "swiss"]
[EventRounds "9"]
[EventCountry "MNE"]
[SourceTitle "CBM 220 Extra"]
[Source "ChessBase"]
[SourceDate "2024.07.31"]
[SourceVersion "1"]
[SourceVersionDate "2024.07.31"]
[SourceQuality "1"]

1. c4 e6 2. g3 d5 3. Bg2 Nc6 4. Nf3 dxc4 5. 0-0 Nf6 6. Qa4 Qd5 7. Na3 Bxa3 8. bxa3 b5 9. Qc2 Bb7 10. Bb2 0-0 11. a4 a6 12. axb5 axb5 13. a4 b4 14. Rfc1 Na5 15. Nh4 Qc5 16. Bxb7 Nxb7 17. Bxf6 gxf6 18. Qxc4 Qxc4 19. Rxc4 c5 20. a5 Rfc8 21. d4 Nxa5 22. Rxc5 Rxc5 23. dxc5 b3 24. c6 b2 25. Rb1 Nc4 26. c7 Rc8 27. Nf3 Rxc7 28. Kg2 Rb7 0-1

[Event "SRB-chT 1st League CS"]
[Site "Paracin"]
[Date "2023.10.07"]
[Round "10.3"]
[White "Atakisi, Umut"]
[Black "Vratonjic, Slobodan"]
[Result "1/2-1/2"]
[WhiteElo "2347"]
[BlackElo "2262"]
[PlyCount "145"]
[EventDate "2023.09.30"]
[EventType "team-tourn"]
[EventRounds "11"]
[EventCountry "SRB"]
[SourceTitle "CBM 216 Extra"]
[Source "ChessBase"]
[SourceDate "2023.11.30"]
[SourceVersion "1"]
[SourceVersionDate "2023.11.30"]
[SourceQuality "1"]
[WhiteTeam "Paracin OSK"]
[BlackTeam "Topola Karadjordje"]
[WhiteTeamCountry "SRB"]
[BlackTeamCountry "SRB"]

1. d4 Nf6 2. c4 d6 3. Nf3 Nbd7 4. Nc3 c6 5. e4 e5 6. Be2 a6 7. 0-0 Be7 8. Qc2 0-0 9. Rd1 Qc7 10. h3 Re8 11. Be3 b5 12. b4 exd4 13. Nxd4 Ne5 14. cxb5 cxb5 15. Rac1 Bb7 16. Qb3 Qd8 17. Nd5 Nxd5 18. exd5 Bg5 19. Nf5 Bxe3 20. Qxe3 g6 21. Qg3 Qf6 22. Ne3 Rac8 23. a3 Kf8 24. Bg4 Rxc1 25. Rxc1 h5 26. Be2 h4 27. Qh2 Rc8 28. Rxc8+ Bxc8 29. g4 Ke7 30. f4 Nd7 31. Bf1 Qc3 32. Qe2 Kf8 33. Qd3 Qc1 34. Ng2 g5 35. Qh7 gxf4 36. Qh8+ Ke7 37. Qxh4+ f6 38. g5 f3 39. gxf6+ Nxf6 40. Qe1+ Qxe1 41. Nxe1 Nxd5 42. Nxf3 Ne3 43. Bd3 Bxh3 44. Kf2 Nd5 45. Be4 Nc3 46. Bd3 Kf6 47. Ke3 Bg2 48. Ne1 Bc6 49. Kd4 Nd1 50. Be2 Nf2 51. Nc2 Nh3 52. Bg4 Ng5 53. Bc8 Ke7 54. Kc3 Kd8 55. Bxa6 Ne6 56. Nd4 Nxd4 57. Kxd4 Kc7 58. Kc3 Bd7 59. a4 bxa4 60. Bd3 Kb6 61. Bc4 Bb5 62. Bd5 Kc7 63. Kb2 Kd7 64. Ka3 Kc7 65. Be4 Kb6 66. Bc2 d5 67. Bxa4 Bxa4 68. Kxa4 d4 69. b5 Kc5 70. b6 d3 71. Kb3 Kxb6 72. Kc3 Kc5 73. Kxd3 1/2-1/2

[Event "SRB-chT 1st League CS"]
[Site "Paracin"]
[Date "2023.10.06"]
[Round "9.3"]
[White "Krstic, Andrija Marko"]
[Black "Atakisi, Umut"]
[Result "0-1"]
[WhiteElo "2103"]
[BlackElo "2347"]
[PlyCount "68"]
[EventDate "2023.09.30"]
[EventType "team-tourn"]
[EventRounds "11"]
[EventCountry "SRB"]
[SourceTitle "CBM 216 Extra"]
[Source "ChessBase"]
[SourceDate "2023.11.30"]
[SourceVersion "1"]
[SourceVersionDate "2023.11.30"]
[SourceQuality "1"]
[WhiteTeam "Pirot Cast i Slava"]
[BlackTeam "Paracin OSK"]
[WhiteTeamCountry "SRB"]
[BlackTeamCountry "SRB"]

1. d4 Nf6 2. c4 g6 3. Nc3 d5 4. h4 c5 5. cxd5 Nxd5 6. Na4 Bg7 7. e4 Nb6 8. d5 Nxa4 9. Bb5+ Bd7 10. Qxa4 a6 11. Bxd7+ Nxd7 12. h5 b5 13. Qc2 c4 14. Bd2 Nc5 15. Bc3 Nd3+ 16. Kf1 Bxc3 17. Qxc3 Qb6 18. Nh3 0-0 19. h6 f6 20. g3 Rac8 21. a3 a5 22. b4 axb4 23. axb4 g5 24. Rh2 Rf7 25. Ra5 Re8 26. Ng1 e6 27. d6 Rd8 28. Nf3 e5 29. Qd2 Qc6 30. Ra3 Rxd6 31. Nxg5 fxg5 32. Qxg5+ Rg6 33. Qd8+ Rf8 34. Qe7 Qxe4 0-1

[Event "SRB-chT 1st League CS"]
[Site "Paracin"]
[Date "2023.10.04"]
[Round "7.3"]
[White "Radovic, Janko"]
[Black "Atakisi, Umut"]
[Result "1/2-1/2"]
[WhiteElo "2400"]
[BlackElo "2347"]
[PlyCount "103"]
[EventDate "2023.09.30"]
[EventType "team-tourn"]
[EventRounds "11"]
[EventCountry "SRB"]
[SourceTitle "CBM 216 Extra"]
[Source "ChessBase"]
[SourceDate "2023.11.30"]
[SourceVersion "1"]
[SourceVersionDate "2023.11.30"]
[SourceQuality "1"]
[WhiteTeam "Kragujevac Radnicki"]
[BlackTeam "Paracin OSK"]
[WhiteTeamCountry "SRB"]
[BlackTeamCountry "SRB"]

1. e4 c5 2. Nf3 e6 3. d4 cxd4 4. Nxd4 Nc6 5. Nc3 Qc7 6. g3 a6 7. Bg2 Nf6 8. 0-0 Nxd4 9. Qxd4 Bc5 10. Bf4 d6 11. Qd2 h6 12. Rad1 e5 13. Be3 Bb4 14. a3 Bxc3 15. Qxc3 Qxc3 16. bxc3 Be6 17. Rxd6 Rc8 18. Bd2 0-0 19. Rb1 Rfd8 20. Rxd8+ Rxd8 21. Be1 Ne8 22. f3 b5 23. Ra1 Nd6 24. a4 Nc4 25. axb5 axb5 26. Bf1 g5 27. Bd3 Rb8 28. Rb1 Kg7 29. Kg2 Rb7 30. Bf2 f6 31. Ra1 Bf7 32. h4 Be6 33. g4 Rc7 34. h5 Bd7 35. Ra6 Kf7 36. Ra8 Rc8 37. Ra7 Ke6 38. Be1 Kd6 39. Kg3 Rc6 40. Bf2 Rc8 41. Ra6+ Rc6 42. Ra1 Rc8 43. Kg2 Rc6 44. Kf1 Rc8 45. Ke2 Rc6 46. Ra2 Bc8 47. Ra7 Bd7 48. Be1 Rc7 49. Ra6+ Rc6 50. Ra8 Rc8 51. Ra2 Bc6 52. Ra7 1/2-1/2

[Event "SRB-chT 1st League CS"]
[Site "Paracin"]
[Date "2023.10.03"]
[Round "5.3"]
[White "Ilincic, Zlatko"]
[Black "Atakisi, Umut"]
[Result "1-0"]
[WhiteElo "2289"]
[BlackElo "2347"]
[PlyCount "125"]
[EventDate "2023.09.30"]
[EventType "team-tourn"]
[EventRounds "11"]
[EventCountry "SRB"]
[SourceTitle "CBM 216 Extra"]
[Source "ChessBase"]
[SourceDate "2023.11.30"]
[SourceVersion "1"]
[SourceVersionDate "2023.11.30"]
[SourceQuality "1"]
[WhiteTeam "Gornji Milanovac Metalac"]
[BlackTeam "Paracin OSK"]
[WhiteTeamCountry "SRB"]
[BlackTeamCountry "SRB"]

1. d4 Nf6 2. c4 g6 3. g3 Bg7 4. Bg2 0-0 5. Nc3 d6 6. Nf3 c5 7. d5 e6 8. 0-0 exd5 9. cxd5 Re8 10. Nd2 b6 11. Re1 a6 12. a4 Nbd7 13. Nc4 Ne5 14. Nxe5 Rxe5 15. e4 Rb8 16. Qd3 Re8 17. h3 Nd7 18. f4 b5 19. axb5 axb5 20. Be3 c4 21. Qd2 b4 22. Nd1 Qc7 23. Ra7 Rb7 24. Rxb7 Qxb7 25. Bd4 Bxd4+ 26. Qxd4 Qb6 27. Qxb6 Nxb6 28. Ne3 Bd7 29. Ra1 Rc8 30. Bf1 c3 31. b3 c2 32. Rc1 Rc3 33. Kf2 Rxb3 34. Rxc2 Ra3 35. Rc7 Ra2+ 36. Kf3 Ra3 37. g4 Ba4 38. Rb7 Nd7 39. Rxb4 Nc5 40. e5 Bd1+ 41. Kf2 Ra2+ 42. Kg1 Ba4 43. exd6 Bd7 44. Bb5 Ra1+ 45. Kg2 Ra2+ 46. Kf3 Ra7 47. Bc6 Ra6 48. Bxd7 Nxd7 49. Nc4 Kf8 50. Rb7 Ke8 51. Ne5 Ra3+ 52. Kf2 Ra2+ 53. Ke3 Ra3+ 54. Kd4 Ra4+ 55. Kc3 Nxe5 56. fxe5 Re4 57. Re7+ Kd8 58. e6 fxe6 59. dxe6 h5 60. g5 h4 61. Kd3 Re1 62. Kd4 Re2 63. Kd5 1-0